[Event "Valoz Cup"]
[Site "Olomouc CZE"]
[Date "2003.08.03"]
[Round "6"]
[White "De Jong,JW"]
[Black "Chytilek,R"]
[Result "0-1"]
[WhiteElo "2254"]
[BlackElo "2406"]

1.d4 Nf6 2.c4 Nc6 3.Nf3 e6 4.a3 d6 5.Nc3 g6 6.e4 Bg7 7.Be2 O-O 8.O-O Re8
9.d5 exd5 10.cxd5 Ne5 11.Nxe5 Rxe5 12.f3 a6 13.Be3 h6 14.f4 Re7 15.Bd4 Nd7
16.Bxg7 Kxg7 17.Qd4+ Kh7 18.Rae1 Qh8 19.Qf2 Nc5 20.Qh4 Re8 21.e5 Bf5 22.b4 Ne4
23.g4 Nxc3 24.gxf5 dxe5 25.fxg6+ fxg6 26.fxe5 Rxe5 27.Bg4 Rxe1 28.Qxe1 Qd4+
29.Kh1 Rg8 30.Be6 Rg7 31.Qf2 Qxf2 32.Rxf2 Ne4 33.Rf8 Re7 34.Kg2 Kg7 35.Rf4 Nd6
36.Rf2 c6 37.Kf3 Kf6 38.Ke2+ Ke5 39.Kd3 cxd5 40.Re2+ Ne4 41.Bh3 Rc7  0-1

[Event "WYol u16"]
[Site "Denizli TUR"]
[Date "2003.08.06"]
[Round "5"]
[White "Kuzubov,Y"]
[Black "Gupta,Ab"]
[Result "0-1"]
[WhiteElo "2400"]
[BlackElo "2289"]

1.d4 Nf6 2.c4 Nc6 3.Nf3 e6 4.a3 d6 5.Nc3 g6 6.g3 Bg7 7.Bg2 O-O 8.O-O e5 9.d5 Ne7
10.e4 Nd7 11.Be3 h6 12.Qd2 Kh7 13.Nh4 Nc5 14.Rae1 f5 15.exf5 Nxf5 16.Nxf5 Bxf5
17.Bxc5 dxc5 18.Be4 a6 19.Qd3 Qd6 20.h4 h5 21.Kg2 Rf7 22.Nd1 Raf8 23.Qe2 Bg4
24.f3 Bc8 25.Nf2 b6 26.Nd3 a5 27.Qc2 Bf5 28.Re2 Kh8 29.Qd1 Kg8 30.Rfe1 Re7
31.Qd2 Kh7 32.Bxf5 Rxf5 33.f4 Bf6 34.fxe5 Bxe5 35.Re4 Bf6 36.Rxe7+ Bxe7 37.Re6 Qd8
38.Qe2 Bd6 39.Ne1 Rf6 40.Re4 Rf5 41.Nf3 Qf6 42.Ng5+ Kg7 43.Nf3 a4 44.Re6 Qf8
45.Ng5 Rxg5 46.hxg5 Qf5 47.Rf6 Qxg5 48.Rf3 Qe5 49.Re3 Qg5 50.Rf3 Qe5 51.Qxe5+ Bxe5
52.b3 axb3 53.Rxb3 g5 54.Re3 Kf6 55.Rf3+ Kg6 56.Rf8 g4 57.Kf2 Bd6 58.a4 Bxf8  0-1

[Event "ADCF Masters"]
[Site "Abu Dhabi UAE"]
[Date "2003.08.17"]
[Round "2"]
[White "Molina,T"]
[Black "Sale,S"]
[Result "0-1"]
[WhiteElo "2264"]
[BlackElo "2420"]

1.d4 Nf6 2.c4 Nc6 3.Nf3 e6 4.Nc3 Bb4 5.Qc2 d5 6.e3 O-O 7.a3 Bd6 8.c5 Be7
9.b4 a6 10.Bd3 h6 11.O-O b6 12.cxb6 cxb6 13.Na4 Bd7 14.Bb2 Qb8 15.Rfc1 Bd6
16.h3 Rc8 17.Qb3 Ne4 18.Rc2 Qb7 19.Rac1 Na7 20.Nc3 Nxc3 21.Rxc3 Bb5 22.Rxc8+ Rxc8
23.Rxc8+ Qxc8 24.Bb1 Be2 25.Ne5 f6 26.Nf3 Nb5 27.e4 Qc4 28.Qe3 Bxf3 29.gxf3 Nc7
30.Qd3 b5 31.Kg2 Bf4 32.exd5 Qxd3 33.Bxd3 Nxd5 34.Be4 Kf7 35.Kf1 f5 36.Bc2 Ke7
37.Bb3 Kd6 38.Ke2 Bg5 39.Bxd5 Kxd5 40.Kd3 g6 41.Bc3 Bc1 42.h4 h5 43.Be1 Bh6
44.Bc3 Bg7  0-1

[Event "ADCF Masters"]
[Site "Abu Dhabi UAE"]
[Date "2003.08.19"]
[Round "4"]
[White "Vasilevich,T"]
[Black "Gokhale,C"]
[Result "0-1"]
[WhiteElo "2431"]
[BlackElo "2357"]

1.d4 Nf6 2.c4 Nc6 3.Nc3 e6 4.Bg5 h6 5.Bh4 Be7 6.e3 O-O 7.Nf3 d5 8.Bd3 Nb4
9.Bb1 dxc4 10.Ne5 Nd7 11.Bxe7 Qxe7 12.Nxc4 c5 13.O-O Rd8 14.a3 cxd4 15.exd4 Nd5
16.Nxd5 exd5 17.Re1 Qg5 18.Ne5 Nf8 19.Qd3 Be6 20.Bc2 Rac8 21.Re3 Rc7 22.Rf1 Rdc8
23.f4 Qh4 24.g3 Qf6 25.Bb1 Bh3 26.Rfe1 Rc1 27.Kf2 g6 28.Qd2 Rxe1 29.Qxe1 Ne6
30.Qb4 Rc1 31.Re1 Rxe1 32.Kxe1 g5 33.Qc3 gxf4 34.Qd3 Ng5 35.g4 f3 36.Qf5 Qa6
37.Bd3 Qa5+ 38.Kd1 Qa4+ 39.Kc1 Qxd4 40.Nxf3 Qxg4 41.Qxg4 Bxg4 42.Ne5 Be6
43.Kc2 f6 44.Ng6 Nf3 45.Nf4 Kf7 46.Bg6+ Ke7 47.h3 Kd6 48.Bh5 Bf5+ 49.Kc3 Ng5
50.h4 Ne6 51.Ne2 Ke5 52.Bf7 d4+ 53.Kd2 Nc5 54.Bc4 Ne4+ 55.Ke1 Nd6 56.Bb3 d3
57.Ng3 Kd4 58.h5 Bg4 59.Kd2 Ne4+ 60.Nxe4 Kxe4 61.Bf7 f5 62.b4 Be2 63.Bg6 Kf4
64.a4 Kg4 65.a5 f4 66.b5 b6 67.axb6 axb6 68.Be8 f3 69.Ke3 Kg3  0-1

[Event "Open"]
[Site "Vienna AUT"]
[Date "2003.08.19"]
[Round "4"]
[White "Van der Plas,R"]
[Black "Mahdi,K"]
[Result "1/2-1/2"]
[WhiteElo "2209"]
[BlackElo "2423"]

1.d4 Nf6 2.c4 Nc6 3.Nf3 e6 4.Nc3 d5 5.Bg5 Be7 6.e3 O-O 7.Rc1 Nh5 8.cxd5 exd5
9.Bxe7 Nxe7 10.Bd3 Nf6 11.Qc2 c6 12.b4 g6 13.O-O Bf5 14.Bxf5 Nxf5 15.a4 Rc8
16.Qb3 Qe7 17.a5 a6 18.Rc2 Rce8 19.Re2 Nd6 20.Nd2 Qc7 21.Rfe1 Re7 22.e4 dxe4
23.Ncxe4 Nfxe4 24.Nxe4 Nxe4 25.Rxe4 Rfe8 26.Rxe7 Rxe7 27.Rxe7 Qxe7 28.Qc3 Qe6  1/2-1/2

[Event "European GP"]
[Site "Izmir TUR"]
[Date "2003.08.27"]
[Round "3"]
[White "Ataman,A"]
[Black "Klinova,M"]
[Result "1/2-1/2"]
[WhiteElo "2197"]
[BlackElo "2388"]

1.d4 Nf6 2.c4 Nc6 3.Nf3 e6 4.a3 d5 5.Nc3 Be7 6.Bg5 h6 7.Bh4 a6 8.e3 O-O 9.Rc1 Ne4
10.Bxe7 Nxe7 11.Bd3 Nxc3 12.Rxc3 Bd7 13.O-O dxc4 14.Bxc4 Bb5 15.Qe2  1/2-1/2

[Event "Open"]
[Site "Porto San Giorgo ITA"]
[Date "2003.08.29"]
[Round "9"]
[White "Helmers,W"]
[Black "Tomescu,V"]
[Result "1-0"]
[WhiteElo "2127"]
[BlackElo "2427"]

1.d4 Nf6 2.c4 Nc6 3.Nf3 e6 4.e3 Bb4+ 5.Nbd2 d6 6.Be2 O-O 7.O-O Bxd2 8.Nxd2 e5
9.d5 Nb8 10.e4 Nbd7 11.Qc2 a5 12.b3 Nc5 13.Bb2 Re8 14.a3 Bd7 15.Rfe1 h6 16.Bf1 c6
17.b4 axb4 18.axb4 Rxa1 19.Rxa1 Na6 20.Bc3 Qb6 21.dxc6 bxc6 22.c5 Nxb4 23.cxb6 Nxc2
24.Ra2 Rb8 25.Rxc2 Rxb6 26.Nc4  1-0

[Event "300 Years"]
[Site "St Petersburg RUS"]
[Date "2003.10.21"]
[Round "4"]
[White "Belov,Vl"]
[Black "Vlassov,N"]
[Result "1-0"]
[WhiteElo "2553"]
[BlackElo "2466"]

1.d4 Nf6 2.c4 Nc6 3.Nf3 e6 4.Nc3 Bb4 5.Qc2 d6 6.a3 Bxc3+ 7.Qxc3 a6 8.b3 Qe7
9.Bb2 O-O 10.e3 Re8 11.Be2 e5 12.O-O Bg4 13.d5 Nb8 14.Bd1 Nbd7 15.Nd2 Bxd1
16.Raxd1 Nc5 17.Qc2 b5 18.cxb5 Nxd5 19.Ne4 Nxe4 20.Qxe4 Nf6 21.Qc6 Rab8 22.a4 Rb6
23.Qc3 Ra8 24.f4 e4 25.Rd4 Rb7 26.Rc1 Qe6 27.Rc4 Ne8 28.Qd4 f5 29.Rxc7 Rxc7
30.Rxc7 Nf6 31.b6 Rb8 32.b7  1-0

[Event "After Holidays GM"]
[Site "Tel Aviv ISR"]
[Date "2003.10.23"]
[Round "5"]
[White "Khmelniker,I"]
[Black "Kreizberg,M"]
[Result "1-0"]
[WhiteElo "2451"]
[BlackElo "2329"]

1.d4 Nf6 2.c4 Nc6 3.Nf3 e6 4.g3 d5 5.cxd5 exd5 6.Bg2 Bf5 7.Nc3 Be7 8.O-O Ne4
9.Qb3 Nxc3 10.Qxc3 O-O 11.Bf4 Be4 12.Rac1 Bf6 13.Rfd1 Qe7 14.Qc5 Rfe8 15.Ne5 Bxe5
16.dxe5 Bxg2 17.Kxg2 d4 18.b4 Nxb4 19.Rxd4 Nc6 20.Qxe7 Rxe7 21.Rd2 h6 22.Rb2 Nd8
23.e6 Rc8 24.exf7+ Kxf7 25.a4 c6 26.a5 Ne6 27.Be3 c5 28.f4 Rc6 29.Rcb1 Nd8
30.Kf3 Rd7 31.Bf2 Rcc7 32.e4 Nc6 33.Bxc5 Nxa5 34.Bxa7 Nc4 35.Bb8 Nxb2 36.Bxc7 Nc4
37.Rxb7 Nd6 38.Rb6 Nxe4 39.Be5 Nd2+ 40.Kg4 Nc4 41.Rc6 Nxe5+ 42.fxe5 Rd2 43.h4 Re2
44.Rc7+ Kf8 45.Kf5 Rf2+ 46.Ke6 Kg8 47.Rc8+ Kh7 48.Ke7 h5 49.e6 Rf3 50.Ke8 Re3
51.e7  1-0

[Event "CCAS Open"]
[Site "Cap d'Agde FRA"]
[Date "2003.10.24"]
[Round "2"]
[White "Payen,A"]
[Black "Praud,JL"]
[Result "1-0"]
[WhiteElo "2393"]
[BlackElo "2160"]

1.d4 Nf6 2.c4 Nc6 3.Nf3 e6 4.a3 g6 5.Nc3 Bg7 6.d5 Nb8 7.d6 a6 8.Bf4 c5 9.Qd2 Nc6
10.e3 O-O 11.h3 Rb8 12.Rb1 Qa5 13.Bg5 b5 14.Bxf6 Bxf6 15.Ne4 Bg7 16.cxb5 axb5
17.Qxa5 Nxa5 18.Nxc5 Nc4 19.Bxc4 bxc4 20.Nd2 Rb5 21.Na4 Bb7 22.O-O Ra8 23.Nc3 Bxc3
24.bxc3 Rxb1 25.Rxb1 Bd5 26.e4 Bc6 27.Rb4 Rxa3 28.Rxc4 Ra1+ 29.Kh2 Rd1 30.Nf3 Rxd6
31.Ne5 f6 32.Nxc6 Rxc6 33.Rxc6 dxc6 34.e5 Kf7 35.Kg3 fxe5 36.Kf3 e4+ 37.Kxe4 Kf6
38.f4 h5 39.g3 c5 40.c4 e5 41.fxe5+ Ke6 42.h4  1-0

[Event "29th Guernsey Open"]
[Site "Les Dicqs GCI"]
[Date "2003.10.24"]
[Round "6"]
[White "Hillarp Persson,T"]
[Black "Reijneveld,A"]
[Result "1-0"]
[WhiteElo "2512"]
[BlackElo "2220"]

1.d4 Nf6 2.c4 Nc6 3.Nf3 d6 4.Nc3 e5 5.d5 Ne7 6.e4 Nd7 7.h4 a5 8.g3 Nc5 9.Be3 b6
10.Nd2 h5 11.a3 g6 12.b4 axb4 13.axb4 Rxa1 14.Qxa1 Nb7 15.Qa4+ Qd7 16.Nb5 c5
17.Nc7+ Kd8 18.Nb5 Ke8 19.Bh3 f5 20.bxc5 bxc5 21.Nf3 Bh6 22.Bxh6 Rxh6 23.Ng5 Kf8
24.f4 Nd8 25.fxe5 dxe5 26.Qa1 Nf7 27.Nxf7 Kxf7 28.O-O Kg8 29.Qxe5 Rh7 30.Ra1 Qd8
31.d6  1-0

[Event "TCh-FIN 2003-4"]
[Site "Finland FIN"]
[Date "2003.10.25"]
[Round "3"]
[White "Kanko,I"]
[Black "Pitkanen,SP"]
[Result "1/2-1/2"]
[WhiteElo "2275"]
[BlackElo "2194"]

1.d4 Nf6 2.c4 Nc6 3.Nf3 e6 4.Nc3 Bb4 5.Qc2 O-O 6.Bg5 h6 7.Bd2 d6 8.a3 Bxc3
9.Bxc3 Qe7 10.e3 a5 11.Be2 a4 12.O-O e5 13.dxe5 dxe5 14.Rad1 Bg4 15.Rd2 Rfe8
16.h3 Bh5 17.Nh4 Bxe2 18.Rxe2 Qe6 19.f4 Qxc4 20.fxe5 Nd5 21.Bd4 Qxc2 22.Rxc2 Rad8
23.Nf5 Nde7 24.Rc4 Nxf5 25.Rxf5 Rd5 26.Bc3 f6 27.Rxa4 Nxe5 28.Bxe5 Rdxe5
29.Rxe5 Rxe5 30.Rb4 b6 31.Kf2  1/2-1/2

[Event "LXVIII ch-ESP Abierto"]
[Site "Burgos ESP"]
[Date "2003.10.27"]
[Round "4"]
[White "Alcaraz Soriano,A"]
[Black "San Emeterio Cabanes,J"]
[Result "0-1"]
[WhiteElo "1989"]
[BlackElo "2342"]

1.d4 Nf6 2.c4 Nc6 3.Nc3 e5 4.d5 Ne7 5.e4 Ng6 6.Be3 Bb4 7.Bd3 Bxc3+ 8.bxc3 d6
9.Nf3 Nd7 10.Nd2 Nf4 11.Bf1 Nc5 12.Qc2 O-O 13.h4 Nh5 14.Nb3 b6 15.Be2 Nf4
16.Bf1 f5 17.Nxc5 bxc5 18.g3 Nh5 19.Be2 Qe8 20.Qd1 Nf6 21.exf5 Bxf5 22.g4 Bc8
23.g5 Nd7 24.Bh5 Qe7 25.Bg4 Nb6 26.Bxc8 Raxc8 27.Qe2 e4 28.Rh3 Qe5 29.Bd2 Rce8
30.O-O-O Qf5 31.Rh2 Qf3 32.Qf1 e3  0-1

[Event "WYb14"]
[Site "Halkidiki GRE"]
[Date "2003.10.28"]
[Round "6"]
[White "Goh Koon Jong,J"]
[Black "Gupta,Ab"]
[Result "1-0"]
[WhiteElo "2314"]
[BlackElo "2294"]

1.d4 Nf6 2.c4 Nc6 3.Nf3 e6 4.a3 d6 5.Nc3 g6 6.e4 Bg7 7.Be3 O-O 8.Bd3 e5 9.d5 Ne7
10.b4 Ng4 11.Bd2 f5 12.Qe2 Nf6 13.Bc2 fxe4 14.Nxe4 Bg4 15.Nxf6+ Bxf6 16.Be4 Nf5
17.Qd3 Bxf3 18.Qxf3 Nd4 19.Qd3 Bg5 20.Bc3 Nf5 21.O-O Ng7 22.Rae1 Qe7 23.g3 Qf7
24.Bg2 Rae8 25.Re4 Nh5 26.f3 Nf6 27.Re2 Qd7 28.f4 exf4 29.gxf4 Rxe2 30.Qxe2 Bh6
31.Qe6+ Qxe6 32.dxe6 Bg7 33.Bxb7 Re8 34.Re1 Nh5 35.Bd2 Kf8 36.Bd5 Ke7 37.Be3 a6
38.a4 Bc3 39.Rb1 Rb8 40.b5 a5 41.c5 Nf6 42.cxd6+ cxd6 43.Bc6 Kxe6 44.Ba7 Rc8
45.Rc1 Bd2 46.Bd5+ Nxd5 47.Rxc8 Nc3 48.Bf2 Kd7 49.Rc4 d5 50.Rc5 d4 51.Bxd4 Nxa4
52.Rc4 Bb4 53.b6  1-0

[Event "ch-Europe Internet Blitz"]
[Site "playchess.com INT"]
[Date "2003.11.09"]
[Round "1.4"]
[White "Borg,G"]
[Black "Bologan,V"]
[Result "1-0"]
[WhiteElo "2367"]
[BlackElo "2673"]

1.d4 Nf6 2.c4 Nc6 3.Nc3 e5 4.Nf3 exd4 5.Nxd4 Bb4 6.g3 O-O 7.Bg2 h6 8.O-O Bxc3
9.bxc3 Re8 10.Ba3 Ne5 11.c5 Nc4 12.Bc1 d5 13.cxd6 cxd6 14.Qb3 d5 15.Rd1 a6
16.a4 Qd6 17.Ba3 Qc7 18.h3 Bd7 19.Bb4 Rac8 20.a5 Ne4 21.Rac1 Qe5 22.Nf3 Qf5
23.Rd4 Bc6 24.Rcd1 Qf6 25.Qb1 Re6 26.Rf1 Rce8 27.e3 Rc8 28.Qa2 Qf5 29.Rdd1 Qf6
30.Rd4 Ree8 31.Rfd1 Qe6 32.Ne1 Ng5 33.h4 Ne4 34.Nd3 g5 35.hxg5 hxg5 36.Nc5 Nxc5
37.Bxc5 Qf6 38.Qe2 Ne5 39.Qh5 Bd7 40.Bb4 Bg4 41.Rxg4 Nxg4 42.Qxg4 Rc4 43.Qd7 Rd8
44.Qxb7 Qc6 45.Qe7 Rc8 46.Qxg5+ Qg6 47.Qxg6+ fxg6 48.Bxd5+ Kg7 49.Bxc4 Rxc4
50.Rd6 g5 51.Rxa6 g4 52.Kg2  1-0

[Event "ch-Europe Internet Blitz"]
[Site "playchess.com INT"]
[Date "2003.11.09"]
[Round "1.3"]
[White "Kharlov,A"]
[Black "Vlassov,N"]
[Result "1/2-1/2"]
[WhiteElo "2591"]
[BlackElo "2466"]

1.d4 Nf6 2.c4 Nc6 3.Nf3 e6 4.a3 d5 5.Qc2 g6 6.Bg5 Bg7 7.Nc3 O-O 8.e3 Ne7
9.Be2 h6 10.Bxf6 Bxf6 11.O-O b6 12.Rac1 c5 13.Rfd1 cxd4 14.Nxd4 Bb7 15.cxd5 exd5
16.Bf3 Qd7 17.Rd2 Rfe8 18.Rcd1 Rac8 19.Qa4 Qxa4 20.Nxa4 Bxd4 21.Rxd4 Nf5
22.R4d2 Bc6 23.Nc3 d4 24.exd4 Bxf3 25.gxf3 Nh4 26.Rd3 Kg7 27.d5 Rcd8 28.d6 Rd7
29.Kf1 Nf5 30.Ne4 Rc8 31.b4 a6 32.R1d2 Rc6 33.Ke2 f6 34.Ng3 Nxg3+ 35.fxg3 Kf7
36.f4 Ke6 37.Rd5 Rdxd6 38.Rxd6+ Rxd6 39.Rc2 Kd7 40.Rc3 Re6+ 41.Kf3 f5 42.h3 h5
43.g4 hxg4+ 44.hxg4 Re1 45.gxf5 gxf5 46.Kf2 Re4 47.Kg3 Kd6 48.Rd3+ Ke6 49.Rf3 b5
50.Kh4 Kf6 51.Kg3 Re1 52.Rc3 Re6 53.Kh4 Rd6 54.Kh5 Re6 55.Rg3 Kf7 56.Rc3 Kf6
57.Rc8 Rd6 58.Ra8 Rc6 59.Rd8 Re6 60.Rf8+ Ke7 61.Ra8 Kf6 62.Rh8 Kg7 63.Rb8 Re3
64.Rb7+ Kf8 65.Kg6 Rxa3 66.Kxf5 Rb3 67.Kf6 Ke8 68.Re7+ Kd8 69.Re4 Kd7 70.f5 Ra3
71.Kf7 a5 72.bxa5 Rxa5 73.f6 Ra1 74.Re5 b4 75.Rb5 Rb1 76.Kg7 Kc6 77.Rf5 Rg1+
78.Kh8 Rh1+ 79.Kg7 Rg1+ 80.Kh7 Rh1+ 81.Kg6 Rg1+ 82.Rg5 Rxg5+ 83.Kxg5 b3 84.f7 b2
85.f8=Q b1=Q  1/2-1/2

[Event "ch-Europe Internet Blitz"]
[Site "playchess.com INT"]
[Date "2003.11.09"]
[Round "1.1"]
[White "Kharlov,A"]
[Black "Vlassov,N"]
[Result "0-1"]
[WhiteElo "2591"]
[BlackElo "2466"]

1.d4 Nf6 2.c4 Nc6 3.Nf3 e6 4.a3 d5 5.Qc2 g6 6.Bg5 Bg7 7.e3 O-O 8.Nc3 Ne7
9.Be2 h6 10.Bxf6 Bxf6 11.O-O b6 12.cxd5 exd5 13.Rac1 Bf5 14.Qb3 c5 15.dxc5 bxc5
16.Rfd1 Rb8 17.Qa2 Be6 18.Qb1 Qc8 19.Qc2 Bf5 20.Bd3 Bg4 21.Be2 Rd8 22.Rd2 Qe6
23.Qd1 Bf5 24.Na4 Qd6 25.b3 Rdc8 26.Nc3 Bxc3 27.Rxc3 Qf6 28.Qc1 c4 29.b4 a5
30.Rb2 axb4 31.axb4 Rc7 32.Nd4 Ra7 33.b5 Rba8 34.Qd2 Ra1+ 35.Rc1 Nc8 36.h3 Be4
37.f3 Bf5 38.Kh2 Nb6 39.Nxf5 Qxf5 40.Rxa1 Rxa1 41.Qd4 c3 42.Qxc3 Na4 43.Qc7 Nxb2
44.b6 Nc4 45.b7 Rb1 46.b8=Q+ Rxb8 47.Qxb8+ Kg7 48.e4 Qe6 49.Qf4 d4 50.Bxc4 Qxc4
51.e5 Kg8 52.Qf6 d3 53.Qd8+ Kg7  0-1

[Event "7th Cup IM"]
[Site "Paks HUN"]
[Date "2003.11.19"]
[Round "1"]
[White "Fodor,T jr"]
[Black "Sebestyen,Ba"]
[Result "1/2-1/2"]
[WhiteElo "2137"]
[BlackElo "2251"]

1.d4 Nf6 2.c4 Nc6 3.Nf3 e6 4.a3 d6 5.Nc3 g6 6.e4 Bg7 7.Be2 O-O 8.Be3 Re8
9.O-O e5 10.dxe5 Nxe5 11.Nxe5 Rxe5 12.f3 Bd7 13.Qc2 Bc6 14.b4 b6 15.Rad1 Qe8
16.Bf2 Rd8 17.Rfe1 Nh5 18.Bf1 Rd7 19.Bd4 Re6 20.Bf2 Re5 21.Bd4 Re6 22.Bf2 Re5  1/2-1/2

[Event "ch-IND National A"]
[Site "Calicut IND"]
[Date "2003.12.07"]
[Round "6"]
[White "Sriram,J"]
[Black "Venkatesh,M"]
[Result "1/2-1/2"]
[WhiteElo "2458"]
[BlackElo "2401"]

1.d4 Nf6 2.c4 Nc6 3.Nf3 e6 4.a3 d6 5.Nc3 g6 6.g3 Bg7 7.Bg2 O-O 8.O-O Qe7
9.e4 e5 10.d5 Nd8 11.Ne1 Ne8 12.Nd3 f5 13.f4 Nf7 14.fxe5 Nxe5 15.Nxe5 Bxe5
16.Bh6 Ng7 17.Qd2 Rf7 18.Rae1 Bd7 19.Bf4 fxe4 20.Nxe4 Raf8 21.Ng5 Rf5 22.Bxe5 dxe5
23.Ne4 Rxf1+ 24.Bxf1 Nf5 25.Qg5 Qf7 26.Bg2 b6 27.Rf1 Qg7 28.b4 h6 29.Qd2 Nd4
30.Rxf8+ Qxf8 31.Qf2 Qxf2+ 32.Kxf2 Kf7 33.c5 Ke7 34.Nc3 Kd8 35.Be4 g5 36.Ke3 bxc5
37.bxc5 a5 38.Kd3 Bc8 39.Bg2 Ke7 40.Ne4 Bb7 41.Nd2 Ba6+ 42.Kc3 Be2 43.Nb3 Nb5+
44.Kb2 a4 45.Nd2 g4 46.Bf1 Bxf1 47.Nxf1 Kf6 48.Ne3 Ke7  1/2-1/2

[Event "II Open"]
[Site "San Salvador ESA"]
[Date "2003.12.11"]
[Round "3"]
[White "Mikhalevski,V"]
[Black "Vaglio,J"]
[Result "1-0"]
[WhiteElo "2548"]
[BlackElo "2286"]

1.d4 Nf6 2.c4 Nc6 3.Nf3 e6 4.g3 Bb4+ 5.Bd2 Qe7 6.Bg2 a5 7.O-O Bxd2 8.Nbxd2 d6
9.e4 e5 10.d5 Nb4 11.a3 Na6 12.Qa4+ Bd7 13.Qxa5 O-O 14.Qc3 c6 15.dxc6 bxc6
16.b4 Nc7 17.Rfe1 Ra4 18.Qb2 Be6 19.c5 Nd7 20.cxd6 Qxd6 21.Red1 f6 22.Nb3 Qe7
23.Na5 c5 24.Qc2 Nb6 25.Nc6 Qf7 26.Nd8 Qe7 27.Nc6 Qf7 28.Qxc5 Nd7 29.Ne7+ Kh8
30.Qxc7 Qxe7 31.Bf1 Rfa8 32.Bb5 R4a7 33.Qd6 Qf7 34.Bc6 Rc8 35.b5 h6 36.Nh4 Nb6
37.Qd8+ Rxd8 38.Rxd8+ Qg8 39.Ng6+ Kh7 40.Nf8+ Qxf8 41.Rxf8  1-0

[Event "XVI Carlos Torre Mem"]
[Site "Merida MEX"]
[Date "2003.12.15"]
[Round "4"]
[White "Castillo Delgado,M"]
[Black "Charpenel Elorduy,M"]
[Result "1-0"]
[WhiteElo "1952"]
[BlackElo "2138"]

1.d4 Nf6 2.c4 Nc6 3.Nf3 e6 4.a3 Be7 5.Nc3 d6 6.Bg5 O-O 7.e4 e5 8.d5 Nb8 9.Nd2 Nxd5
10.Bxe7 Nxe7 11.Be2 Nbc6 12.Nb3 b6 13.O-O Ng6 14.Re1 Nf4 15.Bf1 Ne7 16.Nd5 Neg6
17.Nc1 Be6 18.Ne2 f5 19.Nexf4 exf4 20.Qf3 Bxd5 21.exd5 Qg5 22.Qc3 Rae8 23.f3 Ne5
24.b4 Qe7 25.Rac1 g5 26.c5 Rf7 27.a4 bxc5 28.bxc5 g4 29.Be2 Qh4 30.cxd6 cxd6
31.Bb5 Ree7 32.Rf1 h5 33.Qb4 Qf6 34.Qxf4 gxf3 35.gxf3 Ng6 36.Qh6 Rg7 37.Kh1 Qh4
38.Rc8+ Nf8 39.Qxd6 Qh3 40.Rc2 Re1 41.Rf2 Rxf1+ 42.Bxf1 Qh4 43.Rg2 Rxg2 44.Kxg2 Qxa4
45.Bd3 f4 46.Be4 Qa2+ 47.Kh3 Qf2 48.Qxf4 a5 49.Qg5+ Kf7 50.Qxh5+ Ke7 51.Qe5+ Kd7
52.Bf5+  1-0

[Event "12th Donau Open"]
[Site "Aschach GER"]
[Date "2003.12.29"]
[Round "5"]
[White "Sebenik,M"]
[Black "Posch,W"]
[Result "1-0"]
[WhiteElo "2430"]
[BlackElo "2226"]

1.d4 Nf6 2.c4 Nc6 3.Nf3 e6 4.g3 Bb4+ 5.Bd2 Qe7 6.Nc3 Bxc3 7.Bxc3 Ne4 8.Rc1 O-O
9.Bg2 d6 10.d5 Nxc3 11.Rxc3 Ne5 12.Nd4 Ng4 13.h3 Nh6 14.O-O e5 15.Nb3 b6
16.c5 bxc5 17.Nxc5 dxc5 18.d6 cxd6 19.Bxa8 Bxh3 20.Bg2 Bxg2 21.Kxg2 Nf5 22.Qd5 Nd4
23.e3 Ne6 24.Rb3 h6 25.Rb7 Qf6 26.Rxa7 Ng5 27.f4 exf4 28.exf4 Ne6 29.Rf2 Nd4
30.Ra8 g6 31.Rxf8+ Kxf8 32.a4 Nf5 33.Re2 h5 34.a5 h4 35.a6 Nxg3 36.Rd2 Nf5
37.a7 h3+ 38.Kh2  1-0

[Event "12th Donau Open"]
[Site "Aschach GER"]
[Date "2003.12.31"]
[Round "7"]
[White "Praxmarer,C"]
[Black "Posch,W"]
[Result "1-0"]
[WhiteElo "2123"]
[BlackElo "2226"]

1.d4 Nf6 2.c4 Nc6 3.Nf3 e6 4.Nc3 Bb4 5.Qc2 d6 6.Bg5 h6 7.Bd2 O-O 8.a3 Bxc3
9.Bxc3 Qe7 10.e3 e5 11.dxe5 dxe5 12.Be2 e4 13.Nd2 Re8 14.O-O Bf5 15.Nb3 Bg6
16.Rad1 b6 17.Rd2 Ne5 18.Bxe5 Qxe5 19.c5 a5 20.a4 Nd5 21.Rfd1 Nb4 22.Qc3 Qg5
23.cxb6 cxb6 24.Qc7 Rab8 25.Qg3 Qxg3 26.hxg3 Rec8 27.Nd4 Rc5 28.b3 Rbc8 29.Bc4 Bh5
30.Ne2 Nd3 31.Kf1 Ne5 32.Ba6 R8c7 33.Rd6 Rc2 34.R6d2 Nd3 35.Bc4 Bxe2+ 36.Rxe2 Rc3
37.Red2 Ne5 38.Bd5 g6 39.Rd4 Nd3 40.Rxe4 Nc5 41.Rc4 Rxc4 42.Bxc4 Kg7 43.f3 Nxa4
44.Rd6 Nb2 45.Be2 Rc3 46.Rxb6 Rxe3 47.Ke1 a4 48.Kd2 Rxb3 49.Rxb3 axb3 50.Bb5 Kf6
51.Kc1 Ke5 52.Kxb2 Kd4 53.Be8 g5 54.Bxf7 Ke3 55.Bd5  1-0

[Event "Hilton Chess Festival"]
[Site "Basel SUI"]
[Date "2004.01.01"]
[Round "2"]
[White "Haener,P"]
[Black "Velicka,P"]
[Result "0-1"]
[WhiteElo "2221"]
[BlackElo "2458"]

1.d4 Nf6 2.c4 Nc6 3.Nf3 e6 4.Nc3 Bb4 5.Bg5 h6 6.Bd2 O-O 7.e3 d6 8.Bd3 e5
9.d5 Nb8 10.e4 Na6 11.a3 Bxc3 12.Bxc3 Nc5 13.Qc2 Nfxe4 14.Bxe4 f5 15.Bd3 e4
16.Be2 exf3 17.gxf3 a5 18.Rg1 Rf7 19.O-O-O Bd7 20.b3 Qh4 21.Rg2 Re8 22.Kb2 g5
23.f4 Rfe7 24.f3 Qxf4 25.Rd4 Qe3 26.h4 a4 27.hxg5 axb3 28.gxh6+ Kh7 29.Qd2 Qxe2
30.Rg7+ Rxg7 31.hxg7 Qxd2+ 32.Rxd2 Na4+  0-1

[Event "ch-AUS"]
[Site "Adelaide AUS"]
[Date "2004.01.05"]
[Round "7"]
[White "Reilly,T"]
[Black "Depasquale,C"]
[Result "0-1"]
[WhiteElo "2297"]
[BlackElo "2327"]

1.d4 Nf6 2.c4 Nc6 3.Nc3 e5 4.d5 Ne7 5.e4 Ng6 6.Be3 Bb4 7.Bd3 Bxc3+ 8.bxc3 d6
9.h3 O-O 10.g3 Bd7 11.Qc2 c6 12.Ne2 Qa5 13.Rb1 Rab8 14.Kf1 Rfc8 15.Bg5 cxd5
16.cxd5 Ba4 17.Qd2 Nd7 18.h4 f6 19.Be3 Ne7 20.h5 Nc5 21.Bxc5 Qxc5 22.h6 g6
23.Kg2 Rc7 24.Rb4 b5 25.Rbb1 Rf8 26.Qe3 Qxe3 27.fxe3 Nc8 28.Rhc1 Nb6 29.Bxb5 Bxb5
30.Rxb5 Nc4 31.Rcb1 g5 32.Rb7 Rfc8 33.g4 Nb6 34.Rxc7 Rxc7 35.a4 Kf7 36.a5 Nc4
37.a6 Nb6 38.Rb3 Ke7 39.Ng3 Rc5 40.Ra3 Rc4 41.Kf3 Ra4 42.Rxa4 Nxa4 43.Ke2 Nxc3+
44.Kd3 Nb5 45.Kc4 Nc7 46.Nf5+ Kd7 47.Ng7 Nxa6 48.Ne6 Nc7 49.Ng7 a6 50.Kb4 Nb5
51.Nh5 Ke7 52.Ka5 Nc3 53.Ng3 Nd1 54.Nf5+ Kd7 55.Kxa6 Nf2 56.Kb5 Nxe4 57.Kc4 Nf2
58.Kc3 Nxg4 59.Kd3 Nf2+ 60.Ke2 Ne4 61.Kf3 Nc3 62.e4 Nb5 63.Kg4 Nd4 64.Ng3 Ke7
65.Kh5 Kf7 66.Nf1 Ne2 67.Nd2 Nc3  0-1

[Event "XXIX Open"]
[Site "Seville ESP"]
[Date "2004.01.16"]
[Round "8"]
[White "Movsziszian,K"]
[Black "Speck,N"]
[Result "1/2-1/2"]
[WhiteElo "2497"]
[BlackElo "2381"]

1.d4 Nf6 2.c4 Nc6 3.Nf3 e6 4.Nc3 Bb4 5.e3 d6 6.Be2 O-O 7.O-O Bxc3 8.bxc3 e5
9.Rb1 Re8 10.Ba3 Rb8 11.Qc2 Bg4 12.Rfe1 Qd7 13.Rbd1 e4 14.Nd2 Bxe2 15.Rxe2 Qg4
16.Ree1 Ne7 17.h3 Qg6 18.f4 Nf5 19.Nf1 b5 20.cxb5 Nh4 21.c4 Nf3+ 22.Kf2 Nxe1
23.Rxe1 a6 24.Rb1 axb5 25.cxb5 Nd5 26.Bc1 Qf5 27.a4 c6 28.Ng3 Qc8 29.b6 Rxb6
30.Ba3 Rxb1 31.Qxb1 Qe6 32.Qb7 Nf6 33.Ne2 d5 34.a5 Qc8 35.Qb6 Nd7 36.Qa7 Nb8
37.Bd6 Rd8 38.Be5 f6 39.Bxb8 Qxb8 40.Qe7 Qd6 41.Qa7 Qd7 42.Qb6 Ra8 43.Nc3 Qc8
44.Qc5 Qa6 45.Qd6 Qc8 46.Qc5 Qb7 47.Kg3 Kf7 48.Kf2 Ra6 49.Na4 h5 50.Nb6 h4
51.f5 g6 52.fxg6+ Kxg6 53.Kg1 Qb8 54.Kf1 Qg3 55.Qf8 Qxe3 56.Qg8+ Kh6 57.Qh8+ Kg6
58.Qg8+ Kh6  1/2-1/2

[Event "Western Class Championships"]
[Site "Agoura Hills USA"]
[Date "2004.01.18"]
[Round "4"]
[White "Harmon,C"]
[Black "Small,G"]
[Result "0-1"]
[WhiteElo "2207"]
[BlackElo "2295"]

1.d4 Nf6 2.c4 Nc6 3.Nf3 e6 4.g3 Bb4+ 5.Bd2 Qe7 6.Bg2 Bxd2+ 7.Nbxd2 d6 8.O-O O-O
9.a3 a5 10.Qc2 a4 11.Rac1 e5 12.d5 Nb8 13.c5 Nbd7 14.c6 bxc6 15.Qxc6 Ba6
16.Qxa4 Bxe2 17.Qh4 Bxf1 18.Nxf1 Rfb8 19.Rxc7 Rxb2 20.Bh3 Qd8 21.Rc6 Nf8
22.Qc4 Rxa3 23.Ne3 Raa2 24.Nf5 Ne8 25.Rc8 Qb6 26.N3d4 Rxf2 27.Qc1 Rxf5 28.Bxf5 Qxd4+  0-1

[Event "1st WinTV Open"]
[Site "Chennai IND"]
[Date "2004.01.23"]
[Round "4"]
[White "Gokhale,A"]
[Black "Sangeetha,M"]
[Result "1-0"]
[WhiteElo "2218"]
[BlackElo "2085"]

1.d4 Nf6 2.c4 Nc6 3.a3 e6 4.Nf3 d6 5.Nc3 g6 6.e4 Bg7 7.Be2 O-O 8.O-O Re8
9.h3 d5 10.Bg5 dxe4 11.Nxe4 h6 12.Nxf6+ Bxf6 13.Be3 Kh7 14.Re1 Bg7 15.Qa4 Bd7
16.Qb3 b6 17.Rad1 f5 18.Qc2 Qc8 19.b4 Nd8 20.h4 Nf7 21.Bf4 a5 22.b5 c6 23.bxc6 Qxc6
24.Ne5 Nxe5 25.Bxe5 Rac8 26.Bxg7 Kxg7 27.Qb2 Kh7 28.Rb1 Rb8 29.Bd3 Qd6 30.Re5 Bc6
31.Rbe1 Bd7 32.h5 Rg8 33.d5 Rbe8 34.f3 exd5 35.hxg6+ Qxg6 36.cxd5 Rxe5 37.Rxe5 Qf6
38.Qe2 Kh8 39.Re7 Rg7 40.Rxd7 Rg8  1-0

[Event "1st WinTV Open"]
[Site "Chennai IND"]
[Date "2004.01.25"]
[Round "6"]
[White "Murali Krishnan,B"]
[Black "Deepan,C"]
[Result "1/2-1/2"]
[WhiteElo "2319"]
[BlackElo "2388"]

1.d4 Nf6 2.c4 Nc6 3.a3 e5 4.d5 Ne7 5.Nc3 Ng6 6.h4 h5 7.g3 a5 8.Bg5 Be7 9.e4 Ng4
10.Bxe7 Qxe7 11.Bh3 d6 12.f3 Nh6 13.Bxc8 Rxc8 14.Qa4+ Qd7 15.Qxa5  1/2-1/2

[Event "TCh-AUT 2003-4"]
[Site "Velden AUT"]
[Date "2004.01.25"]
[Round "7"]
[White "Singer,Ri"]
[Black "Posch,W"]
[Result "1/2-1/2"]
[WhiteElo "2269"]
[BlackElo "2226"]

1.d4 Nf6 2.c4 Nc6 3.Nf3 e6 4.Nc3 Bb4 5.Qc2 O-O 6.Bg5 h6 7.Bd2 d6 8.a3 Bxc3
9.Bxc3 Qe7 10.e3 a5 11.Be2 e5 12.d5 Nb8 13.h3 a4 14.Nd2 Bd7 15.O-O Na6 16.Rae1 c6
17.e4 Nh7 18.f4 f6 19.Bh5 Nc5 20.Nf3 g5 21.fxe5  1/2-1/2